000 00609nam a22001937a 4500
003 BD-DhJNU
005 20250227050950.0
008 250227b |||||||| |||| 00| 0 eng d
020 _a0855002182
040 _aBD-DhJNU
_bENG
_cBD-DhJNU
_dBD-DhJNU
082 _223
_a153.44 GOI
100 _aGoldberg, Philip
245 _aThe intuitive edge :
_bunderstanding and developing intuition /
_cPhilip Goldberg
260 _aUnited Kingdom :
_bTurnstone Press,
_c1985.
300 _a241p. :
_bill. ;
_c24 cm.
504 _aIncludes bibliographical references and index
650 _aIntuition
942 _2ddc
_cBK
_n0
999 _c1403
_d1403